L'architecture allemande au XIXe. siècle (Record no. 170687)

MARC details
000 -LEADER
campo de control de longitud fija 01141nam a2200217 i 4500
001 - NÚMERO DE CONTROL
campo de control 170687
003 - IDENTIFICADOR DE NÚMERO DE CONTROL
campo de control ES-MaACL
005 - FECHA Y HORA DE LA ÚLTIMA TRANSACCIÓN
campo de control 20240229194805.0
008 - DATOS DE LONGITUD FIJA--INFORMACIÓN GENERAL
campo de control de longitud fija 090330q18601869fr f |||| | fre d
080 ## - NÚMERO DE LA CLASIFICACIÓN DECIMAL UNIVERSAL
Número de la Clasificación Decimal Universal 72(430)"18"
245 02 - MENCIÓN DEL TÍTULO
Título L'architecture allemande au XIXe. siècle
Resto del título : recueil de maisons de ville et de campagne : villas, chalets, kiosques, décorations intérieures, décorations de jardins, etc. /
Mención de responsabilidad, etc. publié par une Societé d'Architectes Allemands.
260 ## - PUBLICACIÓN, DISTRIBUCIÓN, ETC.
Lugar de publicación, distribución, etc. Paris :
Nombre del editor, distribuidor, etc. A. Morel et Cie, libr. :
-- Ernst et Kom,
Fecha de publicación, distribución, etc. [1860-1869]
300 ## - DESCRIPCIÓN FÍSICA
Extensión 10 v. (lám. col. y n.) ;
Dimensiones 36 x 28 cm.
595 ## -
-- Ed. francesa de: Arkitectonisches Skizzenbuch. - 10 años.
595 ## -
-- www.rero.ch 31/10/2003 da como fecha del v. 1: 1860.
599 ## - NOTA A LAS ILUSTRACIONES
NOTA A LAS ILUSTRACIONES Las 36 lám. litográficas de cada v. representan: fachadas, planos y decoraciones, interiores y exteriores, de edificios.
650 #7 - PUNTO DE ACCESO ADICIONAL DE MATERIA--TÉRMINO DE MATERIA
Término de materia o nombre geográfico como elemento de entrada Arquitectura alemana
Fuente del encabezamiento o término
9 (RLIN) 161465
650 #4 - PUNTO DE ACCESO ADICIONAL DE MATERIA--TÉRMINO DE MATERIA
Término de materia o nombre geográfico como elemento de entrada Decoración y ornamentación arquitectónica.
9 (RLIN) 151448
852 ## - LOCALIZACIÓN
Ubicación ES-MaACL
Número de control de estantería Z-157-166
Nota libre .- Sello: "Testamentaría de Rafael Monleón, año 1900"
Encuadernación Olim: G-5398-5407
Holdings
Estatus retirado Estado de pérdida Estado de daño No para préstamo Colección Biblioteca de origen Biblioteca actual Ubicación en estantería Fecha de adquisición Fuente de adquisición Total de préstamos Signatura topográfica completa Código de barras Visto por última vez Precio de reemplazo Tipo de ítem Koha
        Libros del s. XIX Biblioteca del Ateneo de Madrid Biblioteca del Ateneo de Madrid Depósito Z 27/04/2010     Z-157-166 1183152 23/02/2023 23/02/2023 Libro impreso antiguo